Power of the Plus Factor: (Record no. 11292)

MARC details
000 -LEADER
fixed length control field 00693nam a2200253 a 4500
001 - CONTROL NUMBER
control field 0001-1292
003 - CONTROL NUMBER IDENTIFIER
control field ELIB.Books
008 - FIXED-LENGTH DATA ELEMENTS--GENERAL INFORMATION
fixed length control field 150702 2010 eng
020 ## - INTERNATIONAL STANDARD BOOK NUMBER
International Standard Book Number 0800715268
035 ## - SYSTEM CONTROL NUMBER
System control number (ELIB.Books)0001-1447
092 ## - LOCALLY ASSIGNED DEWEY CALL NUMBER (OCLC)
Classification number 248.4
Item number Pea
100 ## - MAIN ENTRY--PERSONAL NAME
Personal name Peale, Norman Vincent
245 ## - TITLE STATEMENT
Title Power of the Plus Factor:
Remainder of title The Little Extra That Makes You A Winner
250 ## - EDITION STATEMENT
Edition statement Special FCL Edition
260 ## - PUBLICATION, DISTRIBUTION, ETC. (IMPRINT)
Place of publication, distribution, etc. Pawling
Name of publisher, distributor, etc. Foundation for Christian Living
Date of publication, distribution, etc. 1987
300 ## - PHYSICAL DESCRIPTION
Extent 215
Dimensions 21 Cm
500 ## - GENERAL NOTE
General note Library
650 ## - SUBJECT ADDED ENTRY--TOPICAL TERM
Topical term or geographic name as entry element Christian Life
856 ## - ELECTRONIC LOCATION AND ACCESS
Name of location of host KBTS: Library
Uniform Resource Identifier <a href="KBTS: Elib">KBTS: Elib</a>
942 ## - ADDED ENTRY ELEMENTS (KOHA)
Source of classification or shelving scheme Dewey Decimal Classification
Koha item type Books
990 ## - EQUIVALENCES OR CROSS-REFERENCES [LOCAL, CANADA]
Link information for 9XX fields 1
998 ## - LOCAL CONTROL INFORMATION (RLIN)
Cataloger's initials, CIN (RLIN) bat
-- 2015-07-02
Holdings
Withdrawn status Lost status Source of classification or shelving scheme Damaged status Not for loan Home library Current library Date acquired Total Checkouts Barcode Date last seen Bill Date Koha item type
    Dewey Decimal Classification     Karen Baptist Theological Seminary Library Karen Baptist Theological Seminary Library 02/07/2015   15550 22/01/2022 22/01/2022 Books
Implemented & Customized by: BestBookBuddies

Powered by Koha